K synonymii v umeleckom texte

Bibliographic Details
Main Author: Hrubaničová, Ingrid, 1965- (Author)
Format: Article
Language:Slovak
PhysicalDescription:Lit. 14 zázn. v slov., ruš.
Subjects:

MARC

LEADER 00000nab a2200000 a 4500
001 vtls000434067
003 SK-MaSNL
005 20260303204842.0
008 230120c1991 xo 0 slo
015 |a SNBRB19rr/mm-uuuuu 
035 |a CL0434195 
035 |a urn:nbn:sk:snk-ab1ngt 
035 |a (urnnbn)urn:nbn:sk:snk:ar-004mle 
035 |a (uuid)2d59222f-35b0-4480-a634-fddc7784c991 
040 |a SNKBUCL  |b slo  |c SNKBUCL  |e AACR2 
041 0 |a slo 
044 |a xo  |c SK 
080 |a 801.314:82.081:808.54  |2 1981 
080 |a 82.081  |2 1981 
080 |a 808.54  |2 1981 
080 |a 800.85  |2 1981 
100 1 |a Hrubaničová, Ingrid,  |d 1965-  |4 aut  |9 100106 
245 1 0 |a K synonymii v umeleckom texte  |c Ingrid Hrubaničová 
300 |b Lit. 14 zázn. v slov., ruš. 
650 0 7 |a slovenčina  |2 snkbucl  |9 1350 
650 0 7 |a štylistika  |2 snkbucl  |9 870 
650 0 7 |a text umelecký  |2 snkbucl  |9 292422 
650 0 7 |a synonymia  |2 snkbucl  |9 74005 
655 7 |a články z novín a časopisov  |2 snkbucl  |9 267496 
773 0 |t Kultúra slova  |g Roč. 25, č. 5 (1991), s. 201-208 
850 |a Slovenská národná knižnica v Martine  |a MTA001 
852 |a SNK  |b KIS3GCP 
954 |a odborná, vedecká literatúra pôvodná (slovenská)  |2 lita 
958 |a OND 
958 |a NB 
958 |a RK 
958 |a EUIPO 
958 |a article27 
992 |a RBX 
999 |c 2192166  |d 2194096